A szállodai műszaki részleg munkaszervezésének bemutatása és elemzése a Sofitel Budapest Chain Bridge Hotelben

Bibliographic Details
Main Author: Demeter Szabolcs
Other Authors: Karakasné Dr. Morvay PhD Klára
Format: Project work
Kulcsszavak:műszaki szolgáltatás, szállodai
Online Access:http://dolgozattar.uni-bge.hu/22049

MARC

LEADER 00000nnm a2200000 i 4500
001 dolg22049
005 20190903151513.0
008 190516suuuu hu o 000 hun d
040 |a BGE Dolgozattár Repozitórium  |b hun 
041 |a hu 
100 1 |a Demeter Szabolcs 
245 1 2 |a A szállodai műszaki részleg munkaszervezésének bemutatása és elemzése a Sofitel Budapest Chain Bridge Hotelben  |c Demeter Szabolcs  |h [elektronikus dokumentum] 
516 |a Project_work 
695 |a műszaki szolgáltatás, szállodai 
700 1 |a Karakasné Dr. Morvay PhD Klára  |e ths 
856 4 0 |u http://dolgozattar.uni-bge.hu/22049/1/Demeter%20Szabolcs%20Projektmunka.pdf  |z Dokumentum-elérés